000 02003cam a2200145 4500500
005 20260405085553.0
041 _afre
042 _adc
100 1 0 _aForsé, Michel
_eauthor
700 1 0 _aDegenne, Alain
_eauthor
245 0 0 _aLes réseaux sociaux
260 _bArmand Colin,
_c2004.
520 _aL'analyse de réseau connaît un fort développement en sciences sociales. En s'appuyant sur les études classiques comme sur les travaux les plus récents menés en Europe et en Amérique du Nord, cet ouvrage propose une synthèse des connaissances acquises et présente les principales mé-thodes de recherche. Il engage également une réflexion théorique.Conçu comme un manuel destiné à des étudiants en sciences sociales, ce livre, dont on trouvera ici la deuxième édition revue et actualisée, s'adresse également à tous ceux qui, par intérêt professionnel ou personnel, cherchent à aborder de manière systématique et rigoureuse l'étude des structures sociales dans des contextes qui peuvent être très variés : entreprises, administrations, collectivités locales, associations, quartiers, etc.Alain DEGENNE est Directeur de Recherche au CNRS (LAMAS - Institut du longitudinal). Il est l'auteur de nombreuses publications en particulier sur les résaux sociaux.Michel FORSÉ est également Directeur de Recherche au CNRS (LASMAS - Institut du longitudinal). Il a notamment publié, aux PUF, L'Ordre improblable (1989), L'Analyse structurelle du changement social (1991), La Priorité du juste (2004) avec Maxime Parodi, et aux éditions Armand Colin, avec Henri Mendras, Le Changement social (1983, 1989).L'analyse structurale et interactionnisme. De l'interconnaissance au réseau. Des réseaux personnels aux cercles locaux. Le langage des graphes. Cohésion et équivalence. Le capital social. Centralité et pouvoir. Dynamiques. L'appartenance multiple.
856 4 1 _uhttps://shs.cairn.info/les-reseaux-sociaux--9782200266622?lang=fr&redirect-ssocas=7080
999 _c2198624
_d2198624